Metafisica del Processo Idee per una critica della ragione giuridica

Bibliographic Details
Main Author: Incampo, Antonio
Format: eBook
Language:Italian
Published: Bari : Cacucci Editore, 2010
Subjects:
Online Access:http://www.vlex.com/source/11210

MARC

LEADER 00000nam a22000007a 4500
005 20130430165722.0
007 cr|||| ||||
008 130430e2010 it |||||s|||| 00||0 ita d
020 |a 978-8884228994 
035 |a 11210 
040 |a vLex 
090 |c 4230  |d 4230 
100 1 0 |a Incampo, Antonio 
245 1 0 |a Metafisica del Processo  |b Idee per una critica della ragione giuridica  |c / Antonio Incampo   |h [Recurso electrn̤ico] 
256 |a Servicio en ln̕ea 
260 |a Bari :  |b Cacucci Editore,   |c 2010 
300 |a 1 Recurso electrn̤ico 
506 |d vLex Global  |d vLex Global (Academic Edition, excluding Law Schools)  |d vLex Global (U.S. Academic Edition, Law Schools)  |d vLex Global (U.S. Academic Edition, excluding Law Schools)  |d vLex Global (Academic Edition, Law Schools) 
650 0 4 |a Filosofa̕ del Derecho 
650 0 4 |a Teora̕ General del Derecho 
740 |a vLex Libros (Servicio en ln̕ea) 
856 |a Acceso restringido  |u http://www.vlex.com/source/11210 
942 |c BOOK 
999 0 |a Law